UM Logo
Normal view MARC view
  • Burk, Domyo Sater.

Entry Personal Name

Number of records used in: 1

001 - CONTROL NUMBER

  • control field: 69444

003 - CONTROL NUMBER IDENTIFIER

  • control field: OSt

005 - DATE AND TIME OF LATEST TRANSACTION

  • control field: 20251215084837.0

008 - FIXED-LENGTH DATA ELEMENTS

  • fixed length control field: 251215|| aca||aabn | a|a d

040 ## - CATALOGING SOURCE

  • Original cataloging agency: OSt

100 ## - HEADING--PERSONAL NAME

  • Personal name: Burk, Domyo Sater.